000 00984nam a2200253Ia 4500
003 OSt
005 20220930204435.0
006 a|||||r|||| 00| 0
007 ta
008 220926b |||||||| |||| 00| 0 hin d
024 _a62563
037 _cDissertations
040 _aCRL
_cCRL
_bhin
041 _2hin
_ahin
100 _aसंचना, ले.
110 _aदिल्ली विश्वविद्यालय. कला संकाय. हिन्दी विभाग
245 0 _aमीरा की भक्ति साधना में सगुण - निर्गुण द्वंद्व
246 _aMīrā kī bhakti sādhanā mean saguṇ . Nirguṇ dvandva
260 _c2018
300 _a96पृ0
_ccm.
700 _aदिल्ली विश्वविद्यालय. कला संकाय. हिन्दी विभाग
942 _cDIS
_2CC
999 _c906041
_d906041